000 00453nam a2200169Ia 4500
005 20240719025631.0
008 240331s9999 xx 000 0 und d
020 _a0883443716
082 _a261.2
_bPIE
100 _aPieris S.J, A
245 0 _aLove meets wisdom :
_ba Christian experience of Buddism
260 _aColombo
_bCentre for Society and Religion
_c1989
300 _axii, 161 p .,
650 _aChristianity
650 _aBuddhism
942 _cL
999 _c832
_d832